000
00329nam a2200145Ia 4500
008
230917s9999||||xx |||||||||||||| ||und||
040
_e
74873
_a
MAIN
041
_a
English
082
_a
380 O2B
100
_a
Owen, W
245
0
_a
Background to business
260
_a
London
_b
Longman
_c
1979
300
_a
127 p.
942
_c
BK
999
_c
210874
_d
210874